Medical Biochemistry (Record no. 16616)
[ view plain ]
| 000 -LEADER | |
|---|---|
| fixed length control field | 00293nam a22001337a 4500 |
| 003 - CONTROL NUMBER IDENTIFIER | |
| control field | OSt |
| 005 - DATE AND TIME OF LATEST TRANSACTION | |
| control field | 20170105103446.0 |
| 008 - FIXED-LENGTH DATA ELEMENTS--GENERAL INFORMATION | |
| fixed length control field | 131202t xxu||||| |||| 00| 0 eng d |
| 020 ## - INTERNATIONAL STANDARD BOOK NUMBER | |
| International Standard Book Number | 0723433410 |
| 040 ## - CATALOGING SOURCE | |
| Transcribing agency | ASAB |
| 100 ## - MAIN ENTRY--PERSONAL NAME | |
| Personal name | John W Baynes |
| 9 (RLIN) | 347 |
| 245 ## - TITLE STATEMENT | |
| Title | Medical Biochemistry |
| 942 ## - ADDED ENTRY ELEMENTS (KOHA) | |
| Source of classification or shelving scheme | |
| Koha item type | Book |
| Withdrawn status | Lost status | Source of classification or shelving scheme | Damaged status | Not for loan | Permanent Location | Current Location | Date acquired | Total Checkouts | Full call number | Barcode | Date last seen | Price effective from | Koha item type | Collection code |
|---|---|---|---|---|---|---|---|---|---|---|---|---|---|---|
| Atta-ur-Rahman School of Applied Biosciences (ASAB) | Atta-ur-Rahman School of Applied Biosciences (ASAB) | 04/17/2014 | 612.015 BAY | ASAB924 | 04/17/2014 | 04/17/2014 | Book | |||||||
| Atta-ur-Rahman School of Applied Biosciences (ASAB) | Atta-ur-Rahman School of Applied Biosciences (ASAB) | 04/17/2014 | 612.015 BAY | ASAB923 | 04/17/2014 | 04/17/2014 | Book | |||||||
| Atta-ur-Rahman School of Applied Biosciences (ASAB) | Atta-ur-Rahman School of Applied Biosciences (ASAB) | 04/17/2014 | 612.015 BAY | ASAB922 | 04/17/2014 | 04/17/2014 | Book | |||||||
| Atta-ur-Rahman School of Applied Biosciences (ASAB) | Atta-ur-Rahman School of Applied Biosciences (ASAB) | 04/17/2014 | 612.015 BAY | ASAB921 | 04/17/2014 | 04/17/2014 | Book | |||||||
| Atta-ur-Rahman School of Applied Biosciences (ASAB) | Atta-ur-Rahman School of Applied Biosciences (ASAB) | 04/17/2014 | 612.015 BAY | ASAB920 | 04/17/2014 | 04/17/2014 | Book | |||||||
| Atta-ur-Rahman School of Applied Biosciences (ASAB) | Atta-ur-Rahman School of Applied Biosciences (ASAB) | 12/02/2013 | 612.015 BAY | ASAB494 | 12/02/2013 | 12/02/2013 | Book |
